[Event "NED Team Cup 2018"]
[Site "Apeldoorn"]
[Date "2018.05.10"]
[Round "1"]
[White "Jong, Jan-Willem de"]
[Black "Hausrath, Daniel"]
[Result "1/2-1/2"]
[WhiteElo "2446"]
[BlackElo "2494"]
[Annotator "TA"]
[PlyCount "43"]
[EventDate "2018.??.??"]
[EventCountry "NED"]
[SourceTitle "playchess.com"]
[Source "ChessBase"]
[SourceQuality "1"]

{[%evp 19,43,17,10,0,0,0,0,0,0,0,0,3,0,0,14,3,12,10,5,-13,-2,-31,0,0,21,-28]} 1. d4 Nf6 2. c4 g6 3. Nc3 Bg7 4. e4 d6 5. Be2 O-O 6. Nf3 c5 7. d5 e6 8. O-O Re8 {[%cal Bf8e8,Be8e4,Be4d4][%mdl 32]} 9. dxe6 Bxe6 10. Bf4 Bg4 {LiveBook: 13 Games. E91: King's Indian: Classical: 6 Be2, unusual replies including 6...c5 and 6...Bg4} 11. Qxd6 (11. Qc2 {feels hotter.} Nc6 12. Rad1 Bxf3 13. Bxf3 Nd4 14. Qd3) 11... Qxd6 12. Bxd6 Nxe4 13. Nxe4 Rxe4 14. Bd3 Bxf3 (14... Re8 15. Bxc5 Nc6 16. Rae1 Bxb2 17. Rb1 Bxf3 18. gxf3 {½-½ (32) Matlakov,M (2701)-Almagro Llamas,P (2466) Caleta 2017}) 15. gxf3 Rd4 16. Be4 $1 Nd7 $146 ({Don't play} 16... Rxd6 $6 17. Bxb7 Nd7 18. Bxa8 $16) ({Predecessor:} 16... Nc6 17. Bxc5 Rxc4 18. Rac1 Rxc1 19. Rxc1 Rd8 20. b4 Nd4 21. Bxd4 {½-½ (21) Mamedjarova,T (2267)-Aghayev,N (2347) Nakhchivan 2017}) 17. Bxb7 {[#] Strongly threatening Bxc5.} Re8 18. Rad1 Re6 19. Bc7 Re2 20. b4 Rxa2 21. Bc6 Ne5 22. Bxe5 1/2-1/2

[Event "NED Team Cup 2018"]
[Site "Apeldoorn"]
[Date "2018.05.10"]
[Round "1"]
[White "Beerdsen, Thomas"]
[Black "Akkeren, Arno van"]
[Result "1-0"]
[WhiteElo "2441"]
[BlackElo "2074"]
[Annotator "TA"]
[PlyCount "73"]
[EventDate "2018.??.??"]
[EventCountry "NED"]
[SourceTitle "playchess.com"]
[Source "ChessBase"]
[SourceQuality "1"]

{[%evp 16,73,0,0,13,7,17,14,14,19,24,24,21,18,18,0,0,-10,25,17,57,58,137,-41,-36,-39,-28,-55,-56,-72,-57,-64,-34,-35,-40,-45,0,-43,-29,-49,0,0,21,23,25,27,257,248,459,425,445,443,863,860,29986,29987,29987,29988,29988,29989]} 1. e4 e5 2. Nf3 Nc6 3. Nc3 Bc5 4. a3 a6 5. Bc4 Nf6 6. d3 d6 7. h3 h6 8. Be3 {C50: Hungarian Defence and Giuoco Pianissimo} (8. O-O O-O 9. Ne2 Ne7 10. Ng3 Ng6 11. c3 b5 12. Bb3 Bb6 13. a4 Bb7 14. axb5 axb5 15. Rxa8 Bxa8 16. Be3 Bxe3 17. fxe3 {½-½ (42) Safarli,E (2657)-Khairullin,I (2652) Skopje 2015}) 8... Bxe3 9. fxe3 {LiveBook: 7 Games} Qe7 10. O-O {The position is equal.} Be6 11. Nh4 $146 ({Predecessor:} 11. Bxe6 Qxe6 12. d4 Qe7 {1-0 (41) Lebduska,D (731)-Popov,M (937) LSS email 2012}) 11... Bxc4 12. Nf5 $1 {[%cal Rf5e7]} Qf8 {[#] Hoping for ...Be6.} 13. dxc4 Ne7 14. b4 Nxf5 15. Rxf5 Qe7 16. Qe2 g6 17. Rf3 {Threatens to win with Raf1.} c6 18. Raf1 Nh7 (18... Nd7 $1 $14) 19. h4 $2 ({White has to play} 19. Rxf7 $16 Qxf7 20. Rxf7 Kxf7 21. c5) 19... O-O $15 20. g3 Qe6 21. Kh2 b5 22. R3f2 bxc4 23. Na4 Rab8 24. Nb2 d5 25. Na4 a5 26. c3 axb4 27. axb4 Ra8 (27... dxe4 28. Nc5 $16) 28. Nc5 Qc8 29. exd5 cxd5 30. e4 Ra3 $2 (30... dxe4 $1 $11 {and Black is okay.} 31. Qxe4 (31. Qxc4 Qc7 $14) 31... f5 32. Qd5+ (32. Qxe5 Nf6 $11) (32. Qxc4+ Kg7 $14) 32... Kh8) 31. exd5 $18 Rxc3 $2 (31... f5 32. d6 (32. Qxc4 Nf6 $16) 32... Nf6) 32. Qxe5 Ra3 {intending ...f5.} 33. d6 {Black must now prevent Rxf7!} Qg4 (33... Qe8 $142 34. Qxe8 Rxe8) 34. d7 {Rxf7! would kill now.} g5 {[#]} 35. Rxf7 $1 {[%csl Gf7][%cal Re5g7][%mdl 512] White mates.} Ra2+ (35... Rxf7 36. d8=Q+) 36. Kg1 {[%csl Gf7][%cal Re5g7]} Rxf7 37. d8=Q+ {Precision: White = 57%, Black = 26%.} 1-0

[Event "NED Team Cup 2018"]
[Site "Apeldoorn"]
[Date "2018.05.10"]
[Round "1"]
[White "Van Wessel, Rudy"]
[Black "Wantola, Ivo"]
[Result "1/2-1/2"]
[WhiteElo "2402"]
[BlackElo "2319"]
[Annotator "ChessBase"]
[PlyCount "97"]
[EventDate "2018.??.??"]
[EventCountry "NED"]
[SourceTitle "playchess.com"]
[Source "ChessBase"]
[SourceQuality "1"]
[TimeControl "6600+5"]

1. d4 {[%emt 0:00:03]} Nf6 {[%emt 0:00:06]} 2. Nf3 {[%emt 0:00:07]} e6 {[%emt 0:00:06]} 3. c4 {[%emt 0:00:43]} Bb4+ {[%emt 0:00:29]} 4. Nc3 {[%emt 0:01:23]} d5 {[%emt 0:01:56]} 5. cxd5 {[%emt 0:06:38]} exd5 {[%emt 0:00:42]} 6. Bg5 {[%emt 0:00:44]} O-O {[%emt 0:03:03]} 7. Rc1 {[%emt 0:04:48]} h6 {[%emt 0:02:48]} 8. Bxf6 {[%emt 0:03:54]} Qxf6 {[%emt 0:00:06]} 9. a3 {[%emt 0:03:17]} Bxc3+ {[%emt 0:00:14]} 10. Rxc3 {[%emt 0:00:03]} c6 {[%emt 0:00:16]} 11. e3 {[%emt 0:00:50]} Bg4 {[%emt 0:03:28]} 12. Qb3 {[%emt 0:14:07]} Nd7 {[%emt 0:06:56]} 13. Qxb7 {[%emt 0:05:45]} Rab8 {[%emt 0:01:03]} 14. Qxc6 {[%emt 0:00:22]} Rxb2 {[%emt 0:00:36]} 15. Bd3 {[%emt 0:00:04]} Qxc6 {[%emt 0:05:37]} 16. Rxc6 {[%emt 0:00:45]} Rb3 {[%emt 0:02:37]} 17. Kd2 {[%emt 0:03:54]} Bxf3 {[%emt 0:00:24]} 18. gxf3 {[%emt 0:00:08]} Rxa3 {[%emt 0:00:10]} 19. Rhc1 {[%emt 0:02:03]} Nb6 {[%emt 0:00:57]} 20. R1c2 {[%emt 0:13:59]} Rd8 {[%emt 0:00:55]} 21. f4 {[%emt 0:02:38]} Kf8 {[%emt 0:00:34]} 22. Rc7 {[%emt 0:00:17]} Rd7 {[%emt 0:04:31]} 23. Ke2 {[%emt 0:14:47]} Ra2 {[%emt 0:02:47]} 24. R7c5 {[%emt 0:04:01]} Rxc2+ {[%emt 0:00:34]} 25. Rxc2 {[%emt 0:00:39]} Ke7 {[%emt 0:02:36]} 26. Bb5 {[%emt 0:00:28]} Rb7 {[%emt 0:00:13]} 27. Rc5 {[%emt 0:07:39]} Kd6 {[%emt 0:06:26]} 28. Rc6+ {[%emt 0:00:47]} Ke7 {[%emt 0:00:06]} 29. Kd3 {[%emt 0:04:14]} Nd7 {[%emt 0:02:32]} 30. Ba4 {[%emt 0:00:12]} Nb6 {[%emt 0:08:09]} 31. Bb3 {[%emt 0:00:01]} a5 {[%emt 0:04:46]} 32. Rc5 {[%emt 0:04:13]} Nd7 {[%emt 0:00:22]} 33. Rc3 {[%emt 0:00:18]} Nb6 {[%emt 0:01:58]} 34. f3 {[%emt 0:00:20]} f5 {[%emt 0:02:55]} 35. Rc6 {[%emt 0:00:01]} a4 {[%emt 0:01:57]} 36. Ba2 {[%emt 0:00:09]} a3 {[%emt 0:00:55]} 37. h4 {[%emt 0:02:12]} Kd7 {[%emt 0:03:25]} 38. Rg6 {[%emt 0:00:46]} Kc8 {[%emt 0:00:47]} 39. Rc6+ {[%emt 0:01:50]} Kd7 {[%emt 0:00:10]} 40. Rg6 {[%emt 0:00:28]} Kc8 {[%emt 0:00:05]} 41. Rc6+ {[%emt 0:00:46]} Kd7 {[%emt 0:00:11]} 42. Rc3 {[%emt 0:00:25]} Ra7 {[%emt 0:00:18]} 43. Rc5 {[%emt 0:00:13]} Kd6 {[%emt 0:00:41]} 44. Rc1 {[%emt 0:00:23]} Nc4 {[%emt 0:01:59]} 45. Rg1 {[%emt 0:00:09]} Re7 {[%emt 0:04:15]} 46. Re1 {[%emt 0:00:00]} Rc7 {[%emt 0:00:35]} 47. Rg1 {[%emt 0:00:11]} Ke6 {[%emt 0:04:50]} 48. Rg6+ {[%emt 0:00:05]} Kf7 49. Ra6 1/2-1/2

[Event "NED Team Cup 2018"]
[Site "Apeldoorn"]
[Date "2018.05.10"]
[Round "1"]
[White "Wessel, Rudy van"]
[Black "Wantola, Ivo"]
[Result "*"]
[WhiteElo "2402"]
[BlackElo "2319"]
[Annotator "NA"]
[PlyCount "97"]
[EventDate "2018.??.??"]
[EventCountry "NED"]
[SourceTitle "playchess.com"]
[Source "ChessBase"]
[SourceQuality "1"]
[TimeControl "6600+5"]

{[%evp 8,69,28,19,17,17,32767,32767,32767,32767,32767,32767,32767,32767,32767,32767,2,0,12,0,32767,32767,32767,32767,16,12,69,32767,32767,32767,32767,95,94,104,103,103,101,89,96,19,109,108,94,91,93,101,89,95,87,97,106,62,64,45,52,18,35,39,37,34,19,16,40,13]} 1. d4 {[%emt 0:00:03]} Nf6 {[%emt 0:00:06]} 2. Nf3 {[%emt 0:00:07]} e6 {[%emt 0:00:06]} 3. c4 {[%emt 0:00:43]} Bb4+ {[%emt 0:00:29]} 4. Nc3 {[%emt 0:01:23]} d5 {[%emt 0:01:56]} 5. cxd5 {[%emt 0:06:38]} exd5 {[%emt 0:00:42]} 6. Bg5 {[%emt 0:00:44]} O-O {[%emt 0:03:03]} 7. Rc1 {[%emt 0:04:48]} h6 {[%emt 0:02:48]} 8. Bxf6 {[%emt 0:03:54]} Qxf6 {[%emt 0:00:06]} 9. a3 {[%emt 0:03:17]} Bxc3+ {[%emt 0:00:14]} 10. Rxc3 {[%emt 0:00:03]} c6 {[%emt 0:00:16]} 11. e3 {[%emt 0:00:50]} Bg4 {[%emt 0:03:28] LiveBook: 13 Games D38: Queen's Gambit Declined: Ragozin Defence (4 Nf3 Bb4)} 12. Qb3 {[%emt 0:14:07]} Nd7 {[%emt 0:06:56]} 13. Qxb7 {[%emt 0:05:45]} Rab8 {[%emt 0:01:03]} 14. Qxc6 {[%emt 0:00:22]} Rxb2 {[%emt 0:00:36]} 15. Bd3 {[%emt 0:00:04]} Qxc6 {[%emt 0:05:37]} 16. Rxc6 {[%emt 0:00:45] [#]} Rb3 $146 {[%emt 0:02:37]} ({Better is Predecessor:} 16... Rfb8 $11 17. O-O R2b3 18. Ba6 Rxa3 19. Bc8 {½-½ (44) Bu,X (2644)-Jakovenko,D (2691) Wijk aan Zee 2007}) 17. Kd2 {[%emt 0:03:54]} Bxf3 {[%emt 0:00:24]} 18. gxf3 {[%emt 0:00:08]} Rxa3 {[%emt 0:00:10]} 19. Rhc1 {[%emt 0:02:03]} Nb6 {[%emt 0:00:57]} 20. R1c2 {[%emt 0:13:59]} Rd8 {[%emt 0:00:55]} 21. f4 {[%emt 0:02:38]} Kf8 {[%emt 0:00:34]} 22. Rc7 {[%emt 0:00:17]} Rd7 {[%emt 0:04:31]} 23. Ke2 {[%emt 0:14:47]} ({White should play} 23. R7c5 $16) 23... Ra2 {[%emt 0:02:47]} ({Black should try} 23... Rxc7 $14 24. Rxc7 a5) 24. R7c5 {[%emt 0:04:01]} Rxc2+ {[%emt 0:00:34]} 25. Rxc2 {[%emt 0:00:39]} Ke7 {[%emt 0:02:36]} 26. Bb5 {[%emt 0:00:28]} Rb7 {[%emt 0:00:13]} 27. Rc5 {[%emt 0:07:39]} Kd6 {[%emt 0:06:26]} 28. Rc6+ {[%emt 0:00:47]} Ke7 {[%emt 0:00:06]} 29. Kd3 {[%emt 0:04:14]} Nd7 {[%emt 0:02:32]} 30. Ba4 {[%emt 0:00:12]} Nb6 {[%emt 0:08:09]} 31. Bb3 {[%emt 0:00:01]} a5 {[%emt 0:04:46]} 32. Rc5 {[%emt 0:04:13]} Nd7 {[%emt 0:00:22]} 33. Rc3 {[%emt 0:00:18]} Nb6 {[%emt 0:01:58]} 34. f3 {[%emt 0:00:20]} f5 {[%emt 0:02:55]} 35. Rc6 $11 {[%emt 0:00:01]} a4 {[%emt 0:01:57]} 36. Ba2 {[%emt 0:00:09]} a3 {[%emt 0:00:55]} 37. h4 {[%emt 0:02:12]} Kd7 {[%emt 0:03:25]} 38. Rg6 {[%emt 0:00:46]} Kc8 {[%emt 0:00:47]} 39. Rc6+ {[%emt 0:01:50]} Kd7 {[%emt 0:00:10]} 40. Rg6 {[%emt 0:00:28]} Kc8 {[%emt 0:00:05]} 41. Rc6+ {[%emt 0:00:46]} Kd7 {[%emt 0:00:11]} 42. Rc3 {[%emt 0:00:25]} Ra7 {[%emt 0:00:18]} 43. Rc5 {[%emt 0:00:13]} Kd6 {[%emt 0:00:41]} 44. Rc1 {[%emt 0:00:23]} Nc4 {[%emt 0:01:59]} 45. Rg1 {[%emt 0:00:09]} Re7 {[%emt 0:04:15]} 46. Re1 {[%emt 0:00:00]} Rc7 {[%emt 0:00:35]} 47. Rg1 {[%emt 0:00:11]} Ke6 {[%emt 0:04:50]} 48. Rg6+ {[%emt 0:00:05]} Kf7 49. Ra6 *

[Event "NED Team Cup 2018"]
[Site "Apeldoorn"]
[Date "2018.05.10"]
[Round "1"]
[White "Braun, Christian"]
[Black "Werf, Mark van der"]
[Result "1-0"]
[WhiteElo "2385"]
[BlackElo "2404"]
[Annotator "NA"]
[PlyCount "153"]
[EventDate "2018.??.??"]
[EventCountry "NED"]
[SourceTitle "playchess.com"]
[Source "ChessBase"]
[SourceQuality "1"]
[TimeControl "6600+5"]

1. e4 {[%emt 0:00:09]} e5 {[%emt 0:00:11]} 2. Nf3 {[%emt 0:00:08]} Nc6 {[%emt 0:00:03]} 3. Bc4 {[%emt 0:00:14]} Nf6 {[%emt 0:00:04]} 4. d3 {[%emt 0:00:06]} Be7 {[%emt 0:00:04]} 5. Nc3 {[%emt 0:00:07]} d6 {[%emt 0:00:52]} 6. a3 {[%emt 0:00:12]} O-O {[%emt 0:01:12]} 7. h3 {[%emt 0:00:04]} Be6 {[%emt 0:02:58] LiveBook: 39 Games} 8. Nd5 {[%emt 0:00:06] C55: Two Knights: 4 d3, 4 d4 exd4 5 e5 and Max Lange Attack} Qd7 {[%emt 0:04:56]} 9. O-O {[%emt 0:08:50]} Bd8 {[%emt 0:03:20]} 10. Re1 $146 {[%emt 0:06:00]} ({Predecessor:} 10. Bg5 Ne8 11. Ne3 f6 12. Bxe6+ Qxe6 13. Bh4 Ne7 14. d4 c6 15. Re1 Bb6 16. c3 {½-½ (69) Kayumov,S (2435)-Obukhov,A (2481) Alushta 2006}) 10... Bxd5 {[%emt 0:06:36]} 11. exd5 {[%emt 0:00:07]} Ne7 {[%emt 0:00:03]} 12. d4 {[%emt 0:00:07]} e4 {[%emt 0:01:22]} 13. Ng5 {[%emt 0:00:53]} Qf5 {[%emt 0:05:10]} (13... c6 $11 14. Nxe4 Nxe4 15. Rxe4 cxd5 16. Rxe7 Bxe7 17. Bxd5 Bf6) 14. Qe2 {[%emt 0:05:58]} (14. g4 $1 $14 Qc8 15. Nxe4 Nxe4 16. Rxe4) 14... Nexd5 {[%emt 0:01:29]} 15. Nxe4 {[%emt 0:00:16]} Nxe4 {[%emt 0:00:20]} 16. Qxe4 {[%emt 0:00:07]} Qxe4 {[%emt 0:03:22]} 17. Rxe4 {[%emt 0:00:07]} Nb6 {[%emt 0:00:12]} 18. Bd3 {[%emt 0:01:34]} Bf6 {[%emt 0:00:28]} 19. c3 {[%emt 0:00:15]} d5 {[%emt 0:05:36]} 20. Re2 {[%emt 0:00:19]} Rfe8 {[%emt 0:00:11]} 21. a4 {[%emt 0:01:00]} Rxe2 {[%emt 0:04:20]} 22. Bxe2 {[%emt 0:00:14]} Re8 {[%emt 0:00:08]} 23. Kf1 {[%emt 0:00:14]} a5 {[%emt 0:04:29]} 24. Bf4 {[%emt 0:03:20]} c6 {[%emt 0:05:41]} 25. b3 {[%emt 0:06:17]} Bd8 {[%emt 0:02:44]} 26. Bg4 {[%emt 0:03:46]} g6 {[%emt 0:00:46]} 27. Bd6 {[%emt 0:01:57]} h5 {[%emt 0:01:13]} 28. Be2 {[%emt 0:00:22]} Nd7 {[%emt 0:03:15]} 29. g4 {[%emt 0:02:27]} hxg4 {[%emt 0:02:06]} 30. hxg4 {[%emt 0:00:37]} Nf6 {[%emt 0:05:51]} 31. f3 {[%emt 0:02:03]} Be7 {[%emt 0:02:59]} 32. Be5 {[%emt 0:01:30]} Nh7 {[%emt 0:02:28]} 33. Bd3 {[%emt 0:01:15]} Bf6 {[%emt 0:01:43]} 34. Bxf6 {[%emt 0:23:02]} Nxf6 {[%emt 0:00:10]} 35. Kf2 {[%emt 0:00:05]} Re7 {[%emt 0:01:33]} 36. b4 {[%emt 0:00:45]} axb4 {[%emt 0:02:15]} 37. cxb4 {[%emt 0:01:25]} Ne8 {[%emt 0:02:39]} 38. a5 {[%emt 0:00:33]} Nc7 {[%emt 0:01:11]} 39. b5 {[%emt 0:04:25]} cxb5 {[%emt 0:01:46]} 40. Rb1 {[%emt 0:00:07]} Re8 {[%emt 0:00:59]} 41. Bxb5 {[%emt 0:01:19]} Ra8 {[%emt 0:00:16]} 42. Bd7 {[%emt 0:00:27]} Ra7 {[%emt 0:00:51]} 43. Rc1 $11 {[%emt 0:00:57]} Na6 {[%emt 0:01:14]} 44. Rc8+ {[%emt 0:07:28]} Kg7 {[%emt 0:00:05]} 45. Be8 {[%emt 0:00:27]} Kf6 {[%emt 0:00:38]} 46. Kg3 {[%emt 0:02:09]} Ke7 {[%emt 0:01:29]} 47. Bb5 {[%emt 0:04:05]} Nb4 {[%emt 0:01:54]} 48. Rc7+ {[%emt 0:00:07]} Kf8 {[%emt 0:00:08]} 49. Kf4 {[%emt 0:00:47]} Rxa5 {[%emt 0:02:16]} 50. Rxb7 {[%emt 0:00:03]} Ra1 {[%emt 0:00:48]} 51. Kg5 {[%emt 0:02:30]} Re1 {[%emt 0:00:31]} 52. Bd7 {[%emt 0:00:28]} Nc2 {[%emt 0:02:47]} 53. Kf6 {[%emt 0:00:55]} Kg8 {[%emt 0:00:08]} 54. Rb8+ {[%emt 0:00:32]} Kh7 {[%emt 0:00:04]} 55. Rf8 {[%emt 0:00:51]} Nxd4 {[%emt 0:01:48]} 56. Rxf7+ {[%emt 0:00:09]} Kg8 {[%emt 0:01:34]} 57. Kxg6 {[%emt 0:01:07]} Ra1 {[%emt 0:01:05]} 58. Rf6 {[%emt 0:03:33]} Ra7 {[%emt 0:01:42]} 59. Be6+ {[%emt 0:00:07]} Nxe6 {[%emt 0:00:04]} 60. Rxe6 {[%emt 0:00:03]} Rg7+ {[%emt 0:00:57]} 61. Kh5 {[%emt 0:00:17]} d4 {[%emt 0:00:21]} 62. Kh4 {[%emt 0:02:10]} Rd7 {[%emt 0:00:12]} 63. Re2 {[%emt 0:00:30]} Kg7 {[%emt 0:00:23]} 64. Kg5 {[%emt 0:00:29]} Rd5+ {[%emt 0:00:52]} 65. Kf4 {[%emt 0:00:11]} Kf6 {[%emt 0:00:15]} 66. Rd2 {[%emt 0:00:04]} Rd8 {[%emt 0:00:37]} 67. Ra2 {[%emt 0:00:47]} Rd6 {[%emt 0:01:15]} 68. Rd2 {[%emt 0:00:57]} Rd8 {[%emt 0:00:12]} 69. Rd3 {[%emt 0:00:16]} Rd7 {[%emt 0:00:19]} 70. Ke4 {[%emt 0:00:11]} Kg5 {[%emt 0:00:02]} 71. Rxd4 {[%emt 0:00:09]} Re7+ {[%emt 0:00:04]} 72. Kd3 {[%emt 0:00:04]} Kh4 {[%emt 0:00:15]} 73. Re4 {[%emt 0:00:19]} Rf7 {[%emt 0:00:01]} 74. Ke2 {[%emt 0:00:19]} Kg3 {[%emt 0:00:04]} 75. g5 {[%emt 0:00:05]} Rg7 {[%emt 0:00:52]} 76. Rg4+ {[%emt 0:00:06]} Kh3 {[%emt 0:00:03]} 77. g6 {[%emt 0:00:06]} 1-0

[Event "NED Team Cup 2018"]
[Site "Apeldoorn"]
[Date "2018.05.10"]
[Round "1"]
[White "Zwirs, Nico"]
[Black "Bos, Jokim van den"]
[Result "1-0"]
[WhiteElo "2379"]
[BlackElo "1936"]
[Annotator "NA"]
[PlyCount "57"]
[EventDate "2018.??.??"]
[EventCountry "NED"]
[SourceTitle "playchess.com"]
[Source "ChessBase"]
[SourceQuality "1"]
[TimeControl "6600+5"]

{[%evp 10,41,30,17,26,18,43,51,32767,32767,32767,32767,32767,32767,72,55,132,88,115,92,106,125,135,120,117,112,228,245,346,442,567,527,764,1099]} 1. e4 {[%emt 0:00:03]} c5 {[%emt 0:00:21]} 2. Nf3 {[%emt 0:00:05]} d6 {[%emt 0:00:22]} 3. Nc3 {[%emt 0:00:01]} Nf6 {[%emt 0:00:17]} 4. d4 {[%emt 0:00:02]} cxd4 {[%emt 0:00:07]} 5. Nxd4 {[%emt 0:00:02]} a6 {[%emt 0:00:09]} 6. Bg5 {[%emt 0:01:13]} e6 {[%emt 0:00:33]} 7. f4 {[%emt 0:00:39]} Be7 {[%emt 0:04:31]} 8. Qf3 {[%emt 0:02:18]} h6 {[%emt 0:05:52]} 9. Bh4 {[%emt 0:01:04]} Qc7 {[%emt 0:00:54]} 10. O-O-O {[%emt 0:00:16]} Nbd7 {[%emt 0:02:41]} 11. Be2 {[%emt 0:05:41]} b5 {[%emt 0:19:34]} 12. Bxf6 {[%emt 0:00:31] B99: Sicilian Najdorf: 6 Bg5 e6 7 f4 Be7 8 Qf3 Qc7 9 0-0-0 Nbd7} gxf6 {[%emt 0:02:34] LiveBook: 5 Games} ({Black should play} 12... Nxf6 $14 13. e5 Bb7 14. exf6 (14. Qg3 dxe5 15. fxe5 Nd7 $11 (15... Nd5 16. Nxe6 fxe6 17. Qg6+ Kd7 18. Bg4 Qxe5 19. Nxd5 Qg5+ 20. Qxg5 Bxg5+ {½-½ (67) Robson,R (2583)-Le,Q (2717) Lubbock 2011})) 14... Bxf3 15. Bxf3 Rc8 16. Bc6+ Kf8 17. fxe7+ Qxe7) 13. Qh5 {[%emt 0:02:03]} Nc5 {[%emt 0:03:32]} 14. a3 {[%emt 0:09:07]} Bb7 {[%emt 0:02:25]} 15. Bg4 {[%emt 0:06:00]} Kf8 {[%emt 0:05:38]} 16. Rhe1 {[%emt 0:01:55]} Rh7 $146 {[%emt 0:12:02]} ({Predecessor:} 16... Bd8 17. Kb1 Qe7 18. Qh3 Bb6 19. e5 dxe5 20. fxe5 {1-0 (33) Kapnisis,S (2455)-Kang,C (2327) Paleochora 2014}) 17. Kb1 {[%emt 0:06:35]} Rc8 {[%emt 0:04:37]} (17... Re8 $16) 18. Re3 {[%emt 0:05:52]} Kg8 {[%emt 0:09:09] [#]} (18... d5 $142) 19. Nd5 $1 {[%emt 0:16:57]} exd5 {[%emt 0:09:05]} 20. exd5 {[%emt 0:00:07]} Kh8 {[%emt 0:15:16]} 21. Rde1 $18 {[%emt 0:05:08]} Bf8 {[%emt 0:09:13]} 22. Bxc8 {[%emt 0:00:19]} Bxc8 {[%emt 0:00:05]} 23. Re8 {[%emt 0:00:12]} Nd7 {[%emt 0:00:05]} 24. Ne6 {[%emt 0:01:19]} fxe6 {[%emt 0:00:34]} 25. dxe6 {[%emt 0:00:05]} Kg8 {[%emt 0:01:02]} 26. e7 {[%emt 0:01:59]} Bb7 {[%emt 0:01:25]} 27. Qg6+ {[%emt 0:00:14]} Kh8 {[%emt 0:00:06]} 28. Rxf8+ {[%emt 0:00:09]} Nxf8 {[%emt 0:00:02]} 29. exf8=Q# {[%emt 0:00:06]} 1-0

[Event "NED Team Cup 2018"]
[Site "Apeldoorn"]
[Date "2018.05.10"]
[Round "1"]
[White "Meegen, Ruud van"]
[Black "Pijpers, Arthur"]
[Result "1/2-1/2"]
[WhiteElo "2241"]
[BlackElo "2475"]
[Annotator "TA"]
[PlyCount "89"]
[EventDate "2018.??.??"]
[EventCountry "NED"]
[SourceTitle "playchess.com"]
[Source "ChessBase"]
[SourceQuality "1"]

{[%evp 41,89,29,35,33,26,16,29,37,47,29,37,43,85,72,68,51,18,31,22,36,38,41,69,53,61,53,194,202,202,196,197,204,198,196,204,206,196,212,211,205,158,56,71,60,56,37,43,27,137,94]} 1. d4 Nf6 2. c4 g6 3. Nc3 Bg7 4. e4 d6 5. Nf3 O-O 6. Be2 e5 7. d5 a5 8. Bg5 h6 9. Bh4 Na6 10. Nd2 Qe8 11. a3 Bd7 12. b3 Nh7 13. O-O h5 14. f3 Bh6 15. Rb1 Be3+ 16. Kh1 Bc5 17. Qc1 f5 18. exf5 {E92: King's Indian: Classical: 6 Be2 e5: 7 dxe5, 7 Be3 and Petrosian System without 7...Nbd7} gxf5 19. Na2 Qg6 20. b4 axb4 21. axb4 Be3 {LiveBook: 8 Games} 22. Qc2 Rf7 23. Bd3 Rg7 {[%csl Gg7][%cal Rg6g2]} 24. Nb3 $1 {[%cal Bd2b3,Bb3d4,Bd4f3][%mdl 32]} Nf6 $146 {[%cal Bh7f6,Bf6g4,Bg4e3][%mdl 32]} ({Predecessor:} 24... Kh8 25. Rbe1 Bg5 26. Bxg5 Qxg5 {1-0 (37) Yilmaz,M (2633)-El Jawich,A (2230) Beirut 2017}) 25. Rbe1 Bg5 26. Bxg5 Qxg5 {[#]} 27. b5 $1 {[%cal Rb5a6]} Nb8 28. f4 exf4 29. Nd4 $36 {[%mdl 2048] White has good play.} Ng4 $1 {[%cal Rg4e3]} 30. Nf3 Qf6 {Threatening ...Ne3.} 31. Qd2 {[%mdl 1024] White has compensation.} Ra3 32. Nc1 $1 Ne3 33. Rf2 h4 {[#]} (33... Ng4 $14) 34. Ne2 $1 $18 Ng4 35. Rff1 Ne3 36. Rg1 Ng4 {[%cal Rg4f2]} 37. Nxf4 Qc3 {...Qxd2 is the strong threat.} 38. Re2 Qxd2 39. Rxd2 h3 40. gxh3 Ne5 41. Rxg7+ (41. Ng5 $16) 41... Kxg7 $14 42. Nd4 Kf6 43. h4 Be8 $1 44. Be2 Rc3 (44... Nbd7 $11) 45. Rc2 {Precision: White = 63%, Black = 51%.} 1/2-1/2

[Event "NED Team Cup 2018"]
[Site "Apeldoorn"]
[Date "2018.05.10"]
[Round "1"]
[White "Stotyn, Fabian"]
[Black "Kuipers, Stefan"]
[Result "0-1"]
[WhiteElo "2187"]
[BlackElo "2480"]
[Annotator "TA"]
[PlyCount "66"]
[EventDate "2018.??.??"]
[EventCountry "NED"]
[SourceTitle "playchess.com"]
[Source "ChessBase"]
[SourceQuality "1"]

{[%evp 18,66,-17,-17,-16,-18,-16,-43,-49,-53,0,0,0,0,0,0,0,0,0,2,7,0,0,0,0,0,0,0,0,-4,0,-10,0,-23,-17,-14,-13,-14,0,-20,-20,-39,-41,-44,-39,-47,-50,-90,-39,-596,-594]} 1. e4 e6 2. d4 d5 3. Nd2 c5 4. Ngf3 cxd4 5. Nxd4 Nc6 6. Nxc6 bxc6 7. exd5 cxd5 8. Bd3 Bd6 9. O-O Nf6 10. c4 O-O {C07: French Tarrasch: 3...c5, 4 Ngf3 and 4 exd5 Qxd5} 11. cxd5 Nxd5 12. Nf3 $146 ({Predecessor:} 12. Ne4 Be7 13. Qe2 Rb8 14. Rd1 Qb6 15. Rb1 Bb7 16. Ng5 h6 17. Nf3 Rfd8 18. Ne5 Ba8 19. Bxh6 gxh6 20. Qh5 Rf8 21. Qxh6 f5 22. Qg6+ Kh8 23. Qh5+ Kg7 24. Qg6+ Kh8 {½-½ (24) Schwartz,A (2234)-Riemens,M (2287) Netherlands 2000}) 12... Bb7 {Black is slightly better.} 13. Qe2 Nf4 (13... Nb4 $15 14. Bb1 Rb8) 14. Bxf4 $1 $11 Bxf4 15. Be4 Qb6 16. Bxb7 Qxb7 17. g3 Bd6 18. Rfd1 Rfd8 {[%cal Bf8d8,Bd8d5,Bd5d3][%mdl 32]} 19. Ng5 Qe7 20. Ne4 (20. Nf3 {feels hotter.} Qb7) 20... Be5 21. Rac1 Bd4 22. b3 Rd5 23. Rc4 Rad8 24. Rdc1 Bb6 {[#] ...f5 is the strong threat.} 25. R4c2 h6 26. Nc3 {[%cal Be4c3,Bc3a4,Ba4c5][%mdl 32]} Rd3 27. Na4 Ba5 28. Nc5 Rd2 29. Qb5 Bb6 30. Ne4 R2d5 $36 {[%mdl 2048] Black has the initiative.} 31. Qe2 Re5 {[#] Threatens to win with ...f5.} 32. Qc4 Kh7 (32... Rd4 $17 33. Qc8+ Kh7) 33. b4 $2 {[%mdl 8192]} (33. Re2 $15) 33... Rd4 {Precision: White = 47%, Black = 57%.} 0-1